Juventud descarriada / (Record no. 20597)

MARC details
000 -LEADER
campo de control de longitud fija 00682nam a2200193 i 4500
001 - NÚMERO DE CONTROL
campo de control 20597
003 - IDENTIFICADOR DE NÚMERO DE CONTROL
campo de control ES-MaACL
005 - FECHA Y HORA DE LA ÚLTIMA TRANSACCIÓN
campo de control 20240123190848.0
007 - CAMPO FIJO DE DESCRIPCIÓN FÍSICA--INFORMACIÓN GENERAL
campo de control de longitud fija t|
008 - DATOS DE LONGITUD FIJA--INFORMACIÓN GENERAL
campo de control de longitud fija 021114s1956 sp ||||1| spa d
100 1# - ENTRADA PRINCIPAL--NOMBRE DE PERSONA
Nombre de persona Aichhorn, August.
9 (RLIN) 18959
245 10 - MENCIÓN DEL TÍTULO
Título Juventud descarriada /
Mención de responsabilidad, etc. por August Aichhorn ; prólogo de Sigmund Freud ; traducción y nota previa por R. del Portillo.
260 ## - PUBLICACIÓN, DISTRIBUCIÓN, ETC.
Lugar de publicación, distribución, etc. Madrid, etc. :
Nombre del editor, distribuidor, etc. [s.n.],
Fecha de publicación, distribución, etc. [1956] (
Fabricante Talls. Gráf. Escelicer)
300 ## - DESCRIPCIÓN FÍSICA
Extensión 282 p., 1 lám. :
Otras características físicas retr. aut. ;
Dimensiones 19 cm.
700 1# - ENTRADA AGREGADA--NOMBRE PERSONAL
Nombre de persona Freud, Sigmund,
Fechas asociadas al nombre 1856-1939
9 (RLIN) 52547
700 1# - ENTRADA AGREGADA--NOMBRE PERSONAL
Nombre de persona Portillo, R. del.
9 (RLIN) 93263
852 ## - LOCALIZACIÓN
Ubicación ES-MaACL
Número de control de estantería C-11602
Sublocalización o colección R.39555
Holdings
Estatus retirado Estado de pérdida Estado de daño No para préstamo Biblioteca de origen Biblioteca actual Ubicación en estantería Fecha de adquisición Fuente de adquisición Total de préstamos Signatura topográfica completa Código de barras Visto por última vez Precio de reemplazo Tipo de ítem Koha
        Biblioteca del Ateneo de Madrid Biblioteca del Ateneo de Madrid Sala Palomar 17/01/2008     C-11602 1021149 23/02/2023 23/02/2023 Libro impreso